MARC

LEADER 00000nam0a2200000 4500
001 315470
005 20240816085727.0
035 |a (RuTPU)RU\TPU\book\340906 
090 |a 315470 
100 |a 20160301d1982 km y0rusy5003 ca 
101 0 |a rus 
102 |a RU 
105 |a a z 000yy 
200 1 |a Беседы о лесе  |f Р. Бобров 
205 |a 2-е изд. 
210 |a Москва  |c Молодая гвардия  |d 1982 
215 |a 240 с.  |c ил. 
225 1 |a Эврика 
606 1 |a Лес  |x Биология  |2 stltpush  |3 (RuTPU)RU\TPU\subj\71438  |9 85345 
610 1 |a леса 
610 1 |a лесное хозяйство 
610 1 |a лесоводство 
610 1 |a лесные зоны 
610 1 |a лесные ресурсы 
675 |a 630.1  |v 3 
700 1 |a Бобров  |b Р. В.  |g Рэм Васильевич  |4 070 
801 0 |a RU  |b RuMRKP  |c 19950704  |g psbo 
801 1 |a RU  |b 63413507  |c 20160301 
801 2 |a RU  |b 63413507  |c 20200602  |g RCR 
942 |c BK